Business to business marketing : strategics and implementation (Record no. 179890)
[ view plain ]
| 000 -LEADER | |
|---|---|
| fixed length control field | 00478nam a2200157Ia 4500 |
| 005 - DATE AND TIME OF LATEST TRANSACTION | |
| control field | 20250424103400.0 |
| 008 - FIXED-LENGTH DATA ELEMENTS--GENERAL INFORMATION | |
| fixed length control field | 231217s9999 xx 000 0 und d |
| 020 ## - INTERNATIONAL STANDARD BOOK NUMBER | |
| International Standard Book Number | 9780230527270 |
| 082 ## - DEWEY DECIMAL CLASSIFICATION NUMBER | |
| Classification number | 658.8 MIC;1 R |
| 100 ## - MAIN ENTRY--PERSONAL NAME | |
| Personal name | Michel, Daniel Naude, Peter Salle, Robert et al |
| 245 #0 - TITLE STATEMENT | |
| Title | Business to business marketing : strategics and implementation |
| 260 ## - PUBLICATION, DISTRIBUTION, ETC. (IMPRINT) | |
| Date of publication, distribution, etc. | 2000 |
| Name of publisher, distributor, etc. | Palgrave Macmilan |
| Place of publication, distribution, etc. | New York |
| 300 ## - PHYSICAL DESCRIPTION | |
| Extent | xviii+469 |
| 500 ## - GENERAL NOTE | |
| General note | Content page available |
| 942 ## - ADDED ENTRY ELEMENTS (KOHA) | |
| Koha item type | Books |
| Date last seen | Total Checkouts | Full call number | Accession number | Old discount | Uniform Resource Identifier | Cost, replacement price | Price effective from | Category | Lost status | Damaged status | Department | Withdrawn status | bill no. | bill date | Permanent Location | Current Location | Shelving location | Entry date | Vendor | Cost, normal purchase price | Grants | Currency symbol | Conversion rate | Discount | Discount type |
|---|---|---|---|---|---|---|---|---|---|---|---|---|---|---|---|---|---|---|---|---|---|---|---|---|---|
| 26/01/2024 | 658.8 MIC;1 R | 47338 | 20 | digital/contents/47338.pdf | 926.64 | 26/01/2024 | Books | MBA | 1228 | 19/01/2009 | Central Library | Central Library | MBA | 11/12/2007 | Intact Book House Pvt Ltd | 13.50 | MBA | POUND | 85.8 | 2.7 | Rupees |
